• 首页
  • 本馆介绍
  • 公告通知
  • 最新文献
  • 馆藏检索
  • 电子资源
  • 读者导购
  • 参考咨询
  • 我的图书馆
  • 登录
  • 详细信息显示
  • 放入我的书架
  • 预约/预借图书
  • 作者相关作品
  • 分类相关作品
  • 丛书相关作品
  • 出版社相关作品

书目信息

  • 表格格式
  • 工作单格式
  • 卡片格式
题名:
版画艺术
    
 
作者: 张咏清 著
分册:  
出版信息: 成都   四川美术出版社  2009
页数: 72页
开本: 28cm
丛书名:
单 册:
中图分类: J227
科图分类:
主题词: 绘画--中国
电子资源:
ISBN: 7-5410-3780-X
000 00549nam0 2200193 450
001 0956162847
005 20091019153644.78
010    @a7-5410-3780-X@dCNY50.00
100    @a20091019d2009 km y0chiy0120 ea
101 0  @achi
102    @aCN@b510000
200 1  @a版画艺术@Aban hua yi shu@f张咏清著@Fzhang yong qing zhu
210    @a成都@c四川美术出版社@d2009
215    @a72页@d28cm
606 0  @a绘画@x中国
690    @aJ227@v4
701  0 @a张咏清@Azhang yong qing@4著
801  0 @aCN@b大连网信软件有限公司图书馆·11@c20091019
905    @aZUCC@dJ227@e259
    
    版画艺术/张咏清著.-成都:四川美术出版社,2009
    72页;28cm
    
    
    ISBN 7-5410-3780-X:CNY50.00
    
●
相关链接 在E读中查询图书 在五车中查询图书 在当当中查询图书 在豆瓣中查询图书


正题名:版画艺术     索取号:J227/259         预约/预借

序号 登录号 条形码 馆藏地/架位号 状态 备注
1 0625095   206250956   第一样本阅览室/ [索取号:J227/259] 在馆    
唐山师范学院图书馆 欢迎您!
大连网信软件有限公司© 版权所有